LIBRARY & INFORMATION CENTRE, KCAET, TAVANUR

ONLINE PUBLIC ACCESS CATALOGUE (OPAC)

Wells construction : Hand dug and hand drilled / (Record no. 2021)

MARC details
000 -LEADER
fixed length control field 00490cam a2200193ua 4500
041 ## - LANGUAGE CODE
Language code of text/sound track or separate title eng
082 ## - DEWEY DECIMAL CLASSIFICATION NUMBER
Classification number 551.498
Item number BRU/WE
100 ## - MAIN ENTRY--AUTHOR NAME
Personal name Brush, Richard.E .
245 ## - TITLE STATEMENT
Title Wells construction : Hand dug and hand drilled /
250 ## - EDITION STATEMENT
Edition statement 1 /
260 ## - PUBLICATION, DISTRIBUTION, ETC. (IMPRINT)
Place of publication Jaipur :
Name of publisher Academic Press ,
Year of publication 1987.
300 ## - PHYSICAL DESCRIPTION
Number of Pages 282 ; .
942 ## - ADDED ENTRY ELEMENTS (KOHA)
Koha item type Books
Holdings
Withdrawn status Lost status Damaged status Home library Current library Date acquired Full call number Accession Number Koha item type
      KAUAET KAUAET 07/04/2012 551.498 BRU/WE 16966 Books
      KAUAET KAUAET 07/04/2012 551.498 BRU/WE 16965 Books
free website counter